Zprávy Státní populační komise

Saved in:
Bibliographic Details
Format: Serial
Language:Czech
Published: Praha Státní populační komise 1967
Tags: Add Tag
No Tags, Be the first to tag this record!

MARC

LEADER 00000nas2a2200000$$$4500
001 0017721
005 20250730114357.7
041 0 |a cze 
044 |a CZ 
245 1 0 |a Zprávy Státní populační komise 
264 1 |a Praha  |b Státní populační komise  |c 1967 
300 |a 1 zv. 
773 0 |w eu_un_cat*0017718